Trhliny vo zvarových spojoch 1
| Médium: | Kniha |
|---|---|
| Jazyk: | slovenčina čeština angličtina |
| Fyzický popis: | 258 s. Grafy, sch., tab. 29 cm |
| Vydavateľské údaje: |
Bratislava
Dom techniky ČSVTS
1985
|
| Vydanie: | 1. vyd. |
| Predmet: |
MARC
| LEADER | 00000cam a2200000 a 4500 | ||
|---|---|---|---|
| 001 | vtls001077620 | ||
| 003 | SK-MaSNL | ||
| 005 | 20260302030739.0 | ||
| 008 | 251104s1985 xo f 00000 slo | ||
| 015 | |a SNBA1995/02 | ||
| 035 | |a SNK000020454 | ||
| 040 | |a SNK |b slo |c SNK |e AACR2 | ||
| 041 | 0 | |a slo |a cze |a eng | |
| 044 | |a xo |c SK | ||
| 080 | |a 621.791(082)=82 |2 1981 | ||
| 245 | 0 | 0 | |a Trhliny vo zvarových spojoch 1 |
| 246 | 1 | 0 | |a Treščiny v svarnych sojedinenijach |
| 246 | 1 | 0 | |a Cracks in Welded Joints |
| 250 | |a 1. vyd. | ||
| 260 | |a Bratislava |b Dom techniky ČSVTS |c 1985 | ||
| 300 | |a 258 s. |b Grafy, sch., tab. |c 29 cm | ||
| 366 | |e 220 výtl. | ||
| 500 | |a Čl. aj angl. a čes. | ||
| 504 | |a Bibliogr. odkazy | ||
| 650 | 0 | 7 | |a zvarové spoje |2 SNKPH |9 31821 |
| 650 | 0 | 7 | |a trhliny v zvarových spojoch |2 SNKPH |9 627116 |
| 655 | 7 | |a zborníky |2 SNKPH |9 70165 | |
| 958 | |a OND | ||
| 999 | |c 1048948 |d 1050878 | ||
| 952 | |a SNK |b SNK |y PREZ |7 0 |p 17A0906148 |o snkSB 53487/1 |i snkD 253/95 |8 1 |0 0 |1 0 |4 0 |d 2013-02-20 |l 0 |r 2025-03-21 00:00:00 |w 2026-02-24 | ||


